A Fábrica de Tabacos da Coruña e a Fábrica de Mistos : (Record no. 190634)

MARC details
000 -LEADER
campo de control de longitud fija 01126nam a2200277 i 4500
001 - NÚMERO DE CONTROL
campo de control 190634
003 - IDENTIFICADOR DE NÚMERO DE CONTROL
campo de control ES-MaACL
005 - FECHA Y HORA DE LA ÚLTIMA TRANSACCIÓN
campo de control 20240125130008.0
008 - DATOS DE LONGITUD FIJA--INFORMACIÓN GENERAL
campo de control de longitud fija 220225s2018 sp a 001 0 glg
020 ## - NÚMERO INTERNACIONAL ESTÁNDAR DEL LIBRO
Número Internacional Estándar del Libro 978-84-9194-492-8
080 ## - NÚMERO DE LA CLASIFICACIÓN DECIMAL UNIVERSAL
Número de la Clasificación Decimal Universal 663.97:338.45(460.111.2)(091)
100 1# - ENTRADA PRINCIPAL--NOMBRE DE PERSONA
Nombre de persona Naseiro Ramudo, Ana.
9 (RLIN) 174223
245 12 - MENCIÓN DEL TÍTULO
Título A Fábrica de Tabacos da Coruña e a Fábrica de Mistos :
Resto del título factores de transformación dunha cidade /
Mención de responsabilidad, etc. Ana Naseiro Ramudo.
250 ## - MENCION DE EDICION
Mención de edición 1ª ed.
260 ## - PUBLICACIÓN, DISTRIBUCIÓN, ETC.
Lugar de publicación, distribución, etc. [Roquetas de Mar, Almería] :
Nombre del editor, distribuidor, etc. Círculo Rojo,
Fecha de publicación, distribución, etc. 2018.
300 ## - DESCRIPCIÓN FÍSICA
Extensión 241 p. :
Otras características físicas planos color ;
Dimensiones 24 cm.
500 ## - NOTA GENERAL
Nota general Anexos documentales.
504 ## - NOTA DE BIBLIOGRAFÍA, ETC.
Nota de bibliografía, etc. Bibliografía: p. 235-240.
586 ## - NOTA DE PREMIOS
Nota de premios Obra finalista no Premio de ensaio "Manuel Murguía" (2017) da Deputación da Coruña
610 24 - PUNTO DE ACCESO ADICIONAL DE MATERIA--NOMBRE DE ENTIDAD CORPORATIVA
Nombre de entidad corporativa o nombre de jurisdicción como elemento de entrada Real Fábrica de Tabacos de Palloza.
9 (RLIN) 174224
852 4# - LOCALIZACIÓN
Ubicación ES-MaACL
Número de control de estantería A-14897
itemnumber 197813
Sublocalización o colección R.152436
Ubicación en estantería Depósito 1
Signatura antigua Olim: N-7897
Anotaciones manuscritas Dedicatoria autógrafa de la autora
Donativo/Legado Donación: Ana Naseiro Ramudo
903 ## - NOMBRE PERSONAL DE DONANTE
9 174223
a Naseiro Ramudo, Ana
e Donante
942 ## - ELEMENTOS DE ENTRADA SECUNDARIOS (KOHA)
Fuente del sistema de clasificación o colocación Clasificación decimal universal
Tipo de ítem Koha Libro impreso
Holdings
Estatus retirado Estado de pérdida Fuente del sistema de clasificación o colocación Estado de daño No para préstamo Colección Biblioteca de origen Biblioteca actual Ubicación en estantería Fecha de adquisición Fuente de adquisición Total de préstamos Signatura topográfica completa Código de barras Visto por última vez Precio de reemplazo Tipo de ítem Koha Nota pública
    Clasificación decimal universal     Libros con dedicatorias Biblioteca del Ateneo de Madrid Biblioteca del Ateneo de Madrid Depósito 1 25/02/2022 Donación   A-14897 1202853 23/02/2023 23/02/2023 Libro impreso Dedicatoria autógrafa de la autora